000
00266nam a2200109Ia 4500
008
190216s9999||||xx |||||||||||||| ||und||
100
_a
Arora S P Soni Ts
245
0
_a
Cost Accounting
260
_b
Prentice Hall Of India Pvt Ltd
_c
1983
300
_a
867p
942
_c
BK
999
_c
5420
_d
5420